Colombia y el Grupo Andino en el proceso de integración de América Latina
Furkejuvvon:
| Váldodahkki: | |
|---|---|
| Materiálatiipa: | Girji |
| Giella: | espánnjágiella |
| Almmustuhtton: |
Cali
Universidad del Valle
1975
|
| Fáttát: | |
| Fáddágilkorat: |
Lasit fáddágilkoriid
Eai fáddágilkorat, Lasit vuosttaš fáddágilkora!
|
MARC
| LEADER | 00000nam a2200000 a 4500 | ||
|---|---|---|---|
| 001 | UCR9320 | ||
| 003 | CL-VaPUC | ||
| 008 | 980613e19750000CK |||||||||||||||||spa|d | ||
| 082 | 0 | 4 | |a 337.8608 |b RIZ |2 21 |
| 100 | 0 | |a Rizo Otero, Harold José |e author |9 411721 | |
| 245 | 1 | 0 | |a Colombia y el Grupo Andino en el proceso de integración de América Latina |
| 300 | |a 392 p | ||
| 942 | |c BK | ||
| 945 | |d 19980613 00:00:00 |a crobeson | ||
| 260 | |a Cali |b Universidad del Valle |c 1975 | ||
| 600 | 0 | |a Bolívar, Simón |d 1783-1830 |9 265422 | |
| 600 | 0 | 7 | |a GRUPO ANDINO |2 CL-VaPUC |9 345864 |
| 600 | 0 | 7 | |a PACTO ANDINO |2 CL-VaPUC |9 380600 |
| 600 | 0 | 7 | |a TRATADO DE MONTEVIDEO |2 CL-VaPUC |9 411722 |
| 600 | 0 | 7 | |a ACUERDO DE CARTAGENA 1965-1984 |2 CL-VaPUC |9 314604 |
| 600 | 0 | 7 | |a ALALC |2 CL-VaPUC |9 411723 |
| 600 | 0 | 7 | |a CECLA |2 CL-VaPUC |9 411724 |
| 600 | 0 | 7 | |a MERCADO COMUN CENTROAMERICANO |2 CL-VaPUC |9 358980 |
| 650 | 0 | |a Integración económica |9 255024 | |
| 650 | 0 | |a Integración social |9 319662 | |
| 650 | 7 | |a NACIONALISMO |2 CL-VaPUC |9 411725 | |
| 650 | 0 | |a Mercado común |9 378790 | |
| 650 | 0 | |a Libre comercio |9 323018 | |
| 650 | 7 | |a COMERCIO INTERNACIONAL |2 CL-VaPUC |9 411726 | |
| 650 | 0 | |a Economía internacional |9 258254 | |
| 650 | 0 | |a COOPERACION ECONOMICA |9 307939 | |
| 650 | 0 | |a Multinacionales |9 256382 | |
| 651 | 0 | |a Colombia |9 256424 | |
| 651 | 0 | |a Venezuela |9 254993 | |
| 651 | 0 | |a América Latina |9 255027 | |
| 583 | |a last modification |c 19980613 00:00:00 |k Rodrigo Vera | ||
| 999 | |c 270519 |d 270517 | ||
| 952 | |0 0 |1 0 |4 0 |6 337_860800000000000_RIZ_1975 |7 0 |8 A |9 304837 |a BIBENE |b BIBENE |d 2019-11-20 |i 1411012 |o 337.8608 RIZ 1975 |p 1411012 |r 2025-01-15 |w 2019-11-20 |y BK |k ICO | ||